7 vs. Wild Staffel 3 Wer sagt was? - Statistiken

Allgemein
  • Dieses Quiz wurde 59 mal gespielt
  • Das Durchschnittsergebnis liegt bei 7 aus 23
Antwortstatistiken
Hint Antwort % Korrekt
Willenskraft wie Wolf Knossi
77%
Hey Bär, Ho Bär Knossi
60%
Das ist die krankeste Scheiße die ich in meinem leben je gemacht habe Papaplatte
60%
Das Bärenspray wird jetzt mal ein bisschen gelockert Freunde Andy
48%
Wenn wir jetzt theoretisch sagen wir gehen zurück, dann wars das Fritz
44%
Boah ist das rough ey Fritz
44%
Alter ich bin grad psychisch dat erste mal so richtig... boah Jan
40%
Hey Bear Andy
38%
Das ist gestört krank hier lang zu gehen Trymacs
38%
Wir zeigen euch Survival Knossi
27%
Hilfe Trymacs
27%
Jawoll Knossi
23%
Das ist eine Scheiße Joey
19%
Pass auf, Pass auf Knossi
17%
Mental knallts gerade ey Reeze
17%
Du kannst dich nicht bewegen Fritz
15%
Yeah Joey
15%
Wir können stolz auf uns sein Affe
13%
So eine Scheiße Affe
13%
Das ist so krass digga Reeze
10%
Fuck Andy
8%
Ist richtig geil der Spot Hannah
6%
Come on Jan
2%
Keine übereinstimmenden Quizze gefunden
Verteilung der Resultate
Anzahl Personen mit jedem Resultat
Perzentil nach korrekt beantworteten Fragen
Ihre Resultats-Entwicklung
Sie haben dieses Quiz noch nicht gespielt